Theoretical Numerical Analysis: electronic resource: A Functional Analysis Framework (Record no. 7561)

000 -LEADER
fixed length control field 01269 a2200265 4500
020 ## - INTERNATIONAL STANDARD BOOK NUMBER
International Standard Book Number 978-0-387-28769-0
040 ## - CATALOGING SOURCE
Original cataloging agency DLC
Language of cataloging DLC
082 ## - DEWEY DECIMAL CLASSIFICATION NUMBER
Classification number 515
100 1# - MAIN ENTRY--PERSONAL NAME
Personal name Atkinson, Kendall.
245 10 - TITLE STATEMENT
Title Theoretical Numerical Analysis: electronic resource: A Functional Analysis Framework
Medium electronic resource
Remainder of title A Functional Analysis Framework
Statement of responsibility, etc. Kendall Atkinson, Weimin Han.
260 ## - PUBLICATION, DISTRIBUTION, ETC.
Place of publication, distribution, etc. New York, NY :
Name of publisher, distributor, etc. Springer Science+Business Media, LLC,
Date of publication, distribution, etc. 2005.
300 ## - PHYSICAL DESCRIPTION
Other physical details v.: digital
440 #0 - SERIES STATEMENT/ADDED ENTRY--TITLE
Title Texts in Applied Mathematics,
Volume/sequential designation 39
650 #0 - SUBJECT ADDED ENTRY--TOPICAL TERM
Topical term or geographic name entry element Functional analysis
650 #0 - SUBJECT ADDED ENTRY--TOPICAL TERM
Topical term or geographic name entry element Functional analysis
650 #0 - SUBJECT ADDED ENTRY--TOPICAL TERM
Topical term or geographic name entry element Funktionalanalys
650 #0 - SUBJECT ADDED ENTRY--TOPICAL TERM
Topical term or geographic name entry element Numerisk analys
650 #0 - SUBJECT ADDED ENTRY--TOPICAL TERM
Topical term or geographic name entry element Functional analysis
700 1# - ADDED ENTRY--PERSONAL NAME
Personal name Han, Weimin.
710 2# - ADDED ENTRY--CORPORATE NAME
Corporate name or jurisdiction name as entry element SpringerLink (Online service)
856 40 - ELECTRONIC LOCATION AND ACCESS
Uniform Resource Identifier <a href="http://www.lub.lu.se/cgi-bin/ipchk/http://dx.doi.org/10.1007/978-0-387-28769-0">http://www.lub.lu.se/cgi-bin/ipchk/http://dx.doi.org/10.1007/978-0-387-28769-0</a>
856 40 - ELECTRONIC LOCATION AND ACCESS
Uniform Resource Identifier <a href="http://link.libris.kb.se/sfxumub?url_ver=Z39.88-2004&ctx_ver=Z39.88-2004&ctx_enc=info:ofi/enc:UTF-8&rfr_id=info:sid/sfxit.com:opac_856&url_ctx_fmt=info:ofi/fmt:kev:mtx:ctx&sfx.ignore_date_threshold=1&rft.object_id=1000000000227871&svc_val_fmt=info:ofi/fmt:kev:mtx:sch_svc&">http://link.libris.kb.se/sfxumub?url_ver=Z39.88-2004&ctx_ver=Z39.88-2004&ctx_enc=info:ofi/enc:UTF-8&rfr_id=info:sid/sfxit.com:opac_856&url_ctx_fmt=info:ofi/fmt:kev:mtx:ctx&sfx.ignore_date_threshold=1&rft.object_id=1000000000227871&svc_val_fmt=info:ofi/fmt:kev:mtx:sch_svc&</a>
856 40 - ELECTRONIC LOCATION AND ACCESS
Uniform Resource Identifier <a href="http://ezproxy.its.uu.se/login?url=http://dx.doi.org/10.1007/978-0-387-28769-0">http://ezproxy.its.uu.se/login?url=http://dx.doi.org/10.1007/978-0-387-28769-0</a>
942 ## - ADDED ENTRY ELEMENTS (KOHA)
Koha item type Book
Call number prefix 515 ATK
Source of classification or shelving scheme
Holdings
Withdrawn status Lost status Damaged status Not for loan Collection code Permanent Location Current Location Shelving location Date acquired Source of acquisition Cost, normal purchase price Total Checkouts Full call number Barcode Date last seen Price effective from Koha item type
          Central Library (CL) Central Library (CL) General Stacks 03/07/2006 A&J DEF Tek Consultant 4166.09   515 ATK SEECS007055 11/14/2012 01/05/2017 Book
© 2023 Central Library, National University of Sciences and Technology. All Rights Reserved.